• 首页
  • 本馆介绍
  • 公告通知
  • 最新文献
  • 馆藏检索
  • 电子资源
  • 读者导购
  • 参考咨询
  • 我的图书馆
  • 登录
  • 详细信息显示
  • 放入我的书架
  • 预约/预借图书
  • 作者相关作品
  • 分类相关作品
  • 丛书相关作品
  • 出版社相关作品

书目信息

  • 表格格式
  • 工作单格式
  • 卡片格式
题名:
新型智库共建“一带一路”的创新实践
    
 
作者: 赵白鸽 , 蔡昉 主编
分册:  
出版信息: 北京   中国社会科学出版社  2020
页数: 318页
开本: 24cm
丛书名:
单 册:
中图分类: C932.82
科图分类:
主题词: 咨询机构--研究报告--中国--2019
电子资源:
ISBN: 978-7-5203-6248-1
000 01056nam0 2200253 450
001 2242903848
005 20220918115543.87
010    @a978-7-5203-6248-1@dCNY99.00
100    @a20200928d2020 em y0chiy50 ea
101 0  @achi
102    @aCN@b110000
105    @aa z 000yy
200 1  @a新型智库共建“一带一路”的创新实践@9xin xing zhi ku gong jian“yi dai yi lu”de chuang xin shi jian@e蓝迪国际智库报告2019@dInnovative practice of B&R construction@eRDI annual report 2019@f赵白鸽,蔡昉主编@zeng
210    @a北京@c中国社会科学出版社@d2020
215    @a318页@c图@d24cm
300    @a蓝迪国际
330    @a本书共分为四个部分:蓝迪国际智库2019年的工作回顾、蓝迪国际智库合作伙伴、蓝迪国际智库团队、蓝迪国际智库2019年度优秀创新企业。
510 1  @aInnovative practice of B&R construction@eRDI annual report 2019@zeng
606 0  @a咨询机构@x研究报告@y中国@z2019
690    @aC932.82@v5
701  0 @a赵白鸽@9zhao bai ge@c(女,@f1952-)@4主编
701  0 @a蔡昉@9cai fang@f(1956-)@4主编
801  0 @aCN@b91MARC@c20200928
905    @aZUCC@dC932.82@e5
    
    新型智库共建“一带一路”的创新实践:蓝迪国际智库报告2019=Innovative practice of B&R construction:RDI annual report 2019/赵白鸽,蔡昉主编.-北京:中国社会科学出版社,2020
    318页:图;24cm
    蓝迪国际
    
    ISBN 978-7-5203-6248-1:CNY99.00
    本书共分为四个部分:蓝迪国际智库2019年的工作回顾、蓝迪国际智库合作伙伴、蓝迪国际智库团队、蓝迪国际智库2019年度优秀创新企业。
●
相关链接 在五车中查询图书 在当当中查询图书 在豆瓣中查询图书


正题名:新型智库共建"一带一路"的创新实践     索取号:C932.82/5         预约/预借

序号 登录号 条形码 馆藏地/架位号 状态 备注
1 2000897581   2000897581   第三书库/ [索取号:C932.82/5] 在馆    
2 2000897582   2000897582   第三书库/ [索取号:C932.82/5] 在馆    
3 2000897583   2000897583   第三书库/ [索取号:C932.82/5] 在馆    
山东省滨州职业学院图书馆 欢迎您!
大连网信软件有限公司© 版权所有